000 00777nam a22002297a 4500
005 20240124151816.0
010 _aENG-139008
020 _a9788131254066
_c1995.00
035 _aEN-122540
037 _bDBAD/PUB
082 _a342.54
100 _aBasu, Durga Das
_961263
245 _aCommentary on the Constitution of India /
_cby Durga Das Basu [and] Sunil Ambwani ; foreworded by M.N. Venkatachaliah
250 _a9th ed
260 _aGurgaon
_bLexis Nexis
_c2018
270 _a14th Floor, Bldg No.10, Tower-B, DLF Cyber City, Phase-II
_bGurgaon
_e122002
300 _aclxix,12546;21p.
_c25cm(Hb)
500 _aIncludes index
505 _a11 (2) Articles 226 (contd.)to 232
700 _aAmbwani,Sunil
_961259
942 _2ddc
_cEN
_h342.54
_mBAS
999 _c200361
_d200361